Satellite Communication (Record no. 1583)

MARC details
000 -LEADER
fixed length control field 00424nam a2200157Ia 4500
008 - FIXED-LENGTH DATA ELEMENTS--GENERAL INFORMATION
fixed length control field 230312s9999||||xx |||||||||||||| ||und||
020 ## - INTERNATIONAL STANDARD BOOK NUMBER
International Standard Book Number 81-203-3786-3
082 ## - DEWEY DECIMAL CLASSIFICATION NUMBER
Classification number 621.380422
Item number MIT-S
100 ## - MAIN ENTRY--PERSONAL NAME
Personal name Mitra,Monojit
245 #0 - TITLE STATEMENT
Title Satellite Communication
260 ## - PUBLICATION, DISTRIBUTION, ETC.
Name of publisher, distributor, etc. Prentice Hall
Place of publication, distribution, etc. India
Date of publication, distribution, etc. 2008
300 ## - PHYSICAL DESCRIPTION
Extent 166
546 ## - LANGUAGE NOTE
Language note Eng.
650 ## - SUBJECT ADDED ENTRY--TOPICAL TERM
Topical term or geographic name entry element Engineering
Form subdivision Orbits and Inclination,Spacecraft and its Subsystem
942 ## - ADDED ENTRY ELEMENTS (KOHA)
Koha item type BOOK
Holdings
Withdrawn status Lost status Source of classification or shelving scheme Damaged status Not for loan Home library Current library Date acquired Total Checkouts Full call number Barcode Date last seen Price effective from Koha item type
    Dewey Decimal Classification     Superior Information Resource Center (SIRC) Superior University- Main Campus Superior Information Resource Center (SIRC) Superior University- Main Campus 03/13/2023   621.380422 MIT-S 1593 03/13/2023 03/13/2023 BOOK

Powered by Koha